Eastern Utah Libraries Catalog: Duchesne, Heber, Roosevelt, & Vernal

Schnozzer & Tatertoes, (Record no. 408733)

MARC details
000 -LEADER
fixed length control field 02376cam a2200421 i 4500
001 - CONTROL NUMBER
control field sky309561940
003 - CONTROL NUMBER IDENTIFIER
control field SKY
005 - DATE AND TIME OF LATEST TRANSACTION
control field 20250609133201.0
008 - FIXED-LENGTH DATA ELEMENTS--GENERAL INFORMATION
fixed length control field 230818t20242024nyua j 6 000 1 eng d
020 ## - INTERNATIONAL STANDARD BOOK NUMBER
International Standard Book Number 9781454948346
Qualifying information (hardcover)
020 ## - INTERNATIONAL STANDARD BOOK NUMBER
International Standard Book Number 1454948345
040 ## - CATALOGING SOURCE
Original cataloging agency YDX
Language of cataloging eng
Description conventions rda
Transcribing agency YDX
Modifying agency OCLCO
Description conventions rda
Modifying agency CCPLG
-- OI6
-- OCLCO
-- JAS
-- JQF
-- OCLCO
-- SDG
-- OCLCO
-- JTH
092 ## - LOCALLY ASSIGNED DEWEY CALL NUMBER (OCLC)
Classification number junior graphic
Item number Stromoski
100 1# - MAIN ENTRY--PERSONAL NAME
Personal name Stromoski, Rick,
Relator term (author)
9 (RLIN) 38738
245 10 - TITLE STATEMENT
Title Schnozzer & Tatertoes,
Number of part/section of a work 2:
Name of part/section of a work Shoot the moon! /
Statement of responsibility, etc Rick Stromoski.
246 30 - VARYING FORM OF TITLE
Title proper/short title Shoot the moon!
264 #1 - Production, Publication, Distribution, Manufacture, and Copyright Notice.
Place of production, publication, distribution, manufacture New York :
Name of producer, publisher, distributor, manufacturer Union Square Kids,
Date of production, publication, distribution, manufacture, or copyr [2024]
264 #4 - Production, Publication, Distribution, Manufacture, and Copyright Notice.
Date of production, publication, distribution, manufacture, or copyr ©2024.
300 ## - PHYSICAL DESCRIPTION
Extent 139 pages :
Other physical details color illustrations ;
Dimensions 21 cm.
336 ## - Content Type
Content type term text
336 ## - Content Type
Content type term still image
337 ## - Media type
Media type term unmediated
338 ## - Carrier type
Carrier type term volume
490 ## - SERIES STATEMENT
Series statement Schnozzer & Tatertoes:
Volume number/sequential designation 2.
520 ## - SUMMARY, ETC.
Summary, etc "It's the weekend, and best-friend dogs Schnozzer and Tatertoes decide to take an educational trip to the National Air and Space Museum. But when the dogs tumble into an active capsule in pursuit of a stray yo-yo, they soon launch themselves into outer space. Along their free-wheeling intergalactic journey, they experience the ups and downs of zero gravity, make contact with moon dwellers who want someone to to clean up the junk left behind by the Apollo missions, and even discover an asteroid heading directly for Earth! It's up to Schnozzer and Tatertoes to save their planet. Will they return as Earth's greatest heroes, or will this bad dream go down in cosmic comic history?" -- Publisher annotation.
521 1# - TARGET AUDIENCE NOTE
Target audience note Ages 7-10.
Source Union Square Kids.
650 #0 - SUBJECT ADDED ENTRY--TOPICAL TERM
Topical term or geographic name as entry element Dogs
Form subdivision Comic books, strips, etc.
-- Juvenile fiction.
9 (RLIN) 5691199
650 #0 - SUBJECT ADDED ENTRY--TOPICAL TERM
Topical term or geographic name as entry element Families
Form subdivision Comic books, strips, etc.
-- Juvenile fiction.
9 (RLIN) 6426675
650 #0 - SUBJECT ADDED ENTRY--TOPICAL TERM
Topical term or geographic name as entry element Characters and characteristics
Form subdivision Comic books, strips, etc.
-- Juvenile fiction.
9 (RLIN) 6545919
650 #0 - SUBJECT ADDED ENTRY--TOPICAL TERM
Topical term or geographic name as entry element Best friends
Form subdivision Comic books, strips, etc.
-- Juvenile fiction.
9 (RLIN) 5689266
650 #0 - SUBJECT ADDED ENTRY--TOPICAL TERM
Topical term or geographic name as entry element Space flight
Form subdivision Comic books, strips, etc.
-- Juvenile fiction.
9 (RLIN) 6545920
650 #0 - SUBJECT ADDED ENTRY--TOPICAL TERM
Topical term or geographic name as entry element Comic books, strips, etc.
655 #7 - INDEX TERM--GENRE/FORM
Genre/form data or focus term Graphic novels.
Source of term lcgft.
655 #7 - INDEX TERM--GENRE/FORM
Genre/form data or focus term Humorous comics.
Source of term lcgft.
9 (RLIN) 5716565
655 #7 - INDEX TERM--GENRE/FORM
Genre/form data or focus term Action and adventure comics.
Source of term lcgft.
9 (RLIN) 5716592
655 #7 - INDEX TERM--GENRE/FORM
Genre/form data or focus term Comics (Graphic works)
Source of term lcgft.
9 (RLIN) 5689343
942 ## - ADDED ENTRY ELEMENTS (KOHA)
Source of classification or shelving scheme Dewey Decimal Classification
Koha item type BOOK
Holdings
Withdrawn status Lost status Source of classification or shelving scheme Damaged status Not for loan Collection code Home library Current library Shelving location Date acquired Source of acquisition Total Checkouts Total Renewals Full call number Barcode Date last seen Date checked out Cost, replacement price Price effective from Koha item type
    Dewey Decimal Classification     Junior Graphic Novels Wasatch County Library Wasatch County Library First Floor 06/09/2025 Penworthy 8 6 J GN Stromoski 34301002157362 03/05/2026 01/20/2026 12.00 06/09/2025 BOOK
This project was made possible through a grant from the Institute of Museum and Library Service administered by the Utah State Library Division.

Wasatch County Library

  • 465 East 1200 South, Heber City, Utah 84032
  • Phone 435-654-1511 | Fax 435-654-6456

Hours

  • Monday - Friday 9:30 AM - 8:00 PM
  • Saturday 9:30 AM - 1:30 PM
  • Closed Sundays and Holidays